AI in the 1980s and beyond : an MIT survey

Αποθηκεύτηκε σε:
Λεπτομέρειες βιβλιογραφικής εγγραφής
Συλλογικό Έργο: Massachusetts Institute of Technology Artificial Intelligence Laboratory, Massachusetts Institute of Technology Laboratory for Computer Science, Massachusetts Institute of Technology Center for Advanced Engineering Study Seminar Office
Άλλοι συγγραφείς: Grimson, William Eric Leifur (Επιμελητής έκδοσης), Patil, Ramesh S. (Επιμελητής έκδοσης)
Μορφή: Βιβλίο
Γλώσσα:English
Δημοσίευση: Cambridge, Mass. : MIT Press, c1987
Σειρά:MIT Press series in artificial intelligence
Θέματα:
Ετικέτες: Προσθήκη ετικέτας
Δεν υπάρχουν, Καταχωρήστε ετικέτα πρώτοι!

MARC

LEADER 00000nam a2200000 i 4500
001 1/28475
008 941103s1987 eng d
020 |a 0262071061 
035 |a 1995  |c ΠΑΝΑΓΙΩΤΟΠΟΥΛΟΣ  |l 10038083 
040 |a GR-MY-UA  |b gre  |e aacr 
041 0 |a eng 
082 0 |a 006.3  |2 (19) 
245 1 0 |a AI in the 1980s and beyond :  |b an MIT survey /  |c edited by W. Eric L. Grimson and Ramesh S. Patil 
246 3 3 |a Artificial Intelligence in the 1980s Beyond 
260 |a Cambridge, Mass. :   |b MIT Press,   |c c1987 
300 |a 374 p.;  |b ill.;  |c 24 cm 
490 1 |a MIT Press series in artificial intelligence 
500 |a Based on a conference held Jan. 21-23, 1986 at the Massachusetts Institute of Technology, sponsored by the Artificial Intelligence Laboratory, the Laboratory for Computer Science, and the Seminar Office of the Center for Advanced Engineering Study, all at MIT 
504 |a Includes bibliographies and index 
650 0 0 |a Artificial intelligence. 
700 1 |a Grimson, William Eric Leifur.  |4 edt 
700 1 |a Patil, Ramesh S.  |4 edt 
710 1 |a Massachusetts Institute of Technology  |b Artificial Intelligence Laboratory. 
710 1 |a Massachusetts Institute of Technology  |b Laboratory for Computer Science. 
710 1 |a Massachusetts Institute of Technology  |b Center for Advanced Engineering Study  |b Seminar Office. 
830 0 |a MIT Press series in artificial intelligence 
852 |a INST  |b CHIOS  |e 19981013  |h 006.3 AII  |p 005200015561  |q 005200015561  |t BK  |y 0 
852 |a INST  |b SAMOS  |e 19941103  |h 006.3 ART  |p 005300003749  |q 005300003749  |t BK  |y 0 
901 |a BIBL-1998-3 
909 |a Σ  |b 029495 
909 |a Χ  |b 010295 
922 |a 2ΕΛΗ  |b 198804  |c ΣΑΚΕΛΛΑΡΙΔΗΣ  |d GLORYBOOK-ECONOMIST